000 00167nam a22000857a 4500
082 _a823
100 _aCHARLES & MARY LAMB
245 _aTALES FROM SHAKESPEARE
942 _cBK
999 _c8230
_d8230